Biggest Cities by Asian Countries - Statistics

General Stats
  • This quiz has been taken 13 times
  • The average score is 55 of 127
Answer Stats
Country Cities Population % Correct
China Beijing 22,200,000
100%
India Delhi 11,000,000
91%
India Mumbai 12,500,000
91%
China Shanghai 24,900,000
91%
Japan Tokyo 14,000,000
91%
United Arab Emirates Abu Dhabi 1,600,000
82%
Turkey Ankara 5,800,000
82%
Kazakhstan Astana 1,400,000
82%
Iraq Baghdad 7,200,000
82%
Thailand Bangkok 10,700,000
82%
Lebanon Beirut 360,000
82%
Syria Damascus 2,400,000
82%
United Arab Emirates Dubai 3,600,000
82%
Vietnam Hanoi 8,500,000
82%
Turkey Istanbul 15,700,000
82%
Afghanistan Kabul 4,600,000
82%
Nepal Kathmandu 1,000,000
82%
Pakistan Lahore 11,100,000
82%
Oman Muscat 1,600,000
82%
Japan Osaka 2,700,000
82%
Saudi Arabia Riyadh 7,600,000
82%
Yemen Sana'a 2,900,000
82%
South Korea Seoul 9,400,000
82%
Iran Tehran 9,000,000
82%
Mongolia Ulaanbaatar 1,600,000
82%
Kazakhstan Almaty 2,100,000
73%
Jordan Amman 4,600,000
73%
Azerbaijan Baku 2,300,000
73%
India Bangalore 8,800,000
73%
Sri Lanka Colombo 750,000
73%
Bangladesh Dhaka 10,200,000
73%
Qatar Doha 1,200,000
73%
Vietnam Ho Chi Minh City 9,300,000
73%
Saudi Arabia Jeddah 4,800,000
73%
Israel Jerusalem 980,000
73%
Malaysia Kuala Lumpur 2,000,000
73%
North Korea Pyongyang 3,100,000
73%
Singapore Singapore 5,900,000
73%
Taiwan Taipei 2,500,000
73%
Uzbekistan Tashkent 3,000,000
73%
Israel Tel Aviv 470,000
73%
Japan Yokohama 3,800,000
73%
Turkmenistan Ashgabat 1,000,000
64%
East Timor Dili 280,000
64%
Tajikistan Dushanbe 900,000
64%
Turkey Izmir 4,400,000
64%
Pakistan Karachi 15,700,000
64%
Maldives Malé 250,000
64%
Bahrain Manama 200,000
64%
Saudi Arabia Mecca 2,100,000
64%
Cambodia Phnom Penh 2,300,000
64%
Laos Vientiane 950,000
64%
Myanmar Yangon 5,200,000
64%
Armenia Yerevan 1,100,000
64%
Syria Aleppo 2,000,000
55%
Brunei Bandar Seri Begawan 100,000
55%
Kyrgyzstan Bishkek 1,100,000
55%
South Korea Busan 3,300,000
55%
Bangladesh Chittagong 3,200,000
55%
Iran Mashhad 3,600,000
55%
China Shenzhen 17,800,000
55%
Bhutan Thimphu 130,000
55%
Iraq Basra 2,700,000
45%
Pakistan Faisalabad 3,600,000
45%
Israel Haifa 285,000
45%
Myanmar Mandalay 1,700,000
45%
Myanmar Naypyidaw 1,100,000
45%
Yemen Aden 800,000
36%
Vietnam Da Nang 1,200,000
36%
Syria Homs 1,000,000
36%
South Korea Incheon 3,000,000
36%
Iran Isfahan 2,200,000
36%
Afghanistan Kandahar 650,000
36%
Uzbekistan Samarkand 570,000
36%
Cambodia Siem Reap 250,000
36%
Afghanistan Herat 570,000
27%
Iraq Mosul 1,600,000
27%
Kazakhstan Shymkent 1,200,000
27%
Lebanon Tripoli 230,000
27%
Azerbaijan Ganja 330,000
18%
Malaysia George Town 710,000
18%
Malaysia Johor Bahru 860,000
18%
Taiwan Kaohsiung 2,700,000
18%
Kyrgyzstan Osh 330,000
18%
Yemen Taiz 600,000
18%
Turkmenistan Turkmenabat 400,000
18%
Thailand Chiang Mai 130,000
9%
Mongolia Darkhan 75,000
9%
Mongolia Erdenet 100,000
9%
Armenia Gyumri 110,000
9%
North Korea Hamhung 770,000
9%
Jordan Irbid 1,100,000
9%
Kyrgyzstan Jalal-Abad 120,000
9%
Bangladesh Khulna 1,000,000
9%
Thailand Nakhon Ratchasima 460,000
9%
Uzbekistan Namangan 650,000
9%
Bhutan Paro 15,000
9%
Bhutan Phuntsholing 120,000
9%
Nepal Pokhara 420,000
9%
Oman Salalah 420,000
9%
United Arab Emirates Sharjah 1,500,000
9%
Lebanon Sidon 200,000
9%
Taiwan Taichung 2,800,000
9%
Jordan Zarqa 1,600,000
9%
Maldives Addu City 35,000
0%
Qatar Al Rayyan 600,000
0%
Cambodia Battambang 200,000
0%
East Timor Baucau 25,000
0%
North Korea Chongjin 670,000
0%
Turkmenistan Dasoguz 275,000
0%
Sri Lanka Dehiwala-Mount Lavinia 250,000
0%
Maldives Hulhumalé 60,000
0%
Tajikistan Khujand 200,000
0%
Brunei Kuala Belait 70,000
0%
Tajikistan Kulob 110,000
0%
Nepal Lalitpur 300,000
0%
Sri Lanka Moratuwa 185,000
0%
Bahrain Muharraq 100,000
0%
Laos Pakse 90,000
0%
Bahrain Riffa 120,000
0%
East Timor Same 15,000
0%
Laos Savannakhet 130,000
0%
Oman Seeb 1,000,000
0%
Brunei Seria 25,000
0%
Azerbaijan Sumqayit 340,000
0%
Qatar Umm Salal 120,000
0%
Armenia Vanadzor 80,000
0%
No matching quizzes found
Score Distribution
Percent of People with Each Score
Percentile by Number Answered
Your Score History
You have not taken this quiz